00460cam a22001452 4500001001100000005001700011008004100028020002600069040001500095100003100110245007300141260003900214300001800253650004300271000000869620151217152039.0080514s xx 000 0 eng d a0875522432 :cKES 950 aKABUcKABU1 aFrame, John M.@000015938010aApologetics to the glory of God :ban introduction /cJohn M. Frame. aPhillipsburg, NJ. :bP & R,c1994. axiii, 265 p. 0aApologeticsy20th century.@0000148816